Reverse Anime Title - Statistiques

Statistiques générales
  • Ce quiz a été pris 21 fois
  • Le résultat moyen est 17 sur 60
Statistiques - réponses
Indice Réponse % Correct
Hunted ÷ Hunted Hunter x Hunter
89%
Buy a Boyfriend Rent-a-Girlfriend
89%
Paradise's Hell Hell's Paradise
74%
Shield Art Offline Sword Art Online
74%
Defense on Tiny Attack on Titans
58%
Yes Work, Yes Death No Game No Life
53%
Red Keys Blue Lock
47%
Angels Prey Demon Slayer
47%
Weak Water Fire Force
47%
Famine Peace Food Wars
47%
Your Undress Darling My Dress-up Darling
47%
Life memos Death Note
42%
Hate and Truth Koi to Uso
42%
Minor Major
42%
Your vilain house My Hero Academia
42%
Tickets One Piece
42%
Public x Single Spy x Family
42%
Kyoto's Dove Tokyo Ghoul
42%
Dirty (or Osonized Water) Bleach
37%
Yaoi under Fire Yuri on Ice
37%
White Maid Black Buttler
32%
Red Demons Blue Exorcist
32%
E: the Ending B: the Beginning
32%
Nights Days
32%
Little Red Grand Blue
32%
The ending before the start The beginning after the end
32%
The fall of the Sword Demon King The Rising of the Shield Hero
32%
Demons of Life Angels of Death
26%
Vegetable Cage Fruits Basket
26%
Old Work New Game
26%
Infinity Re:Zero
26%
Demon Horn Fairy Tail
21%
Queen's Work King's Game
21%
Broke out of Troposphere Made in Abyss
21%
Woman's Feet One Punch Man
21%
Party Going Down Solo Leveling
21%
Helping House Assassination Classroom
16%
Enemies Mommy Buddy Daddies
16%
Dark Ages Golden Time
16%
Lights Apartment Shadows House
16%
Golden Fork Silver Spoon
16%
Poisoners's memos The Apothecary Diaries
16%
Jun-kun is a boy Tomo-chan is a girl
16%
House of the people Classroom of the Elite
11%
Windows Gate
11%
Your last Boyfriend is a Nerd My First Girlfriend is a Gal
11%
Virtue Nanatsu no Taizai
11%
Die Again ReLife
11%
Only son of the Black Hole Demon Twin Star Exorcist
11%
Earth Fixer Wind Breaker
11%
Little Request Big Order
5%
Emerge Dive
5%
Taken Given
5%
Satan's House God of High School
5%
House of the Life High School of the Dead
5%
Innocent People Guilty Crown
0%
You whisper Hyouka
0%
Hate Benefactor Love Tyrant
0%
Bases on balls One Outs
0%
Lazzing Working
0%
Aucun quiz correspondant
Distribution des résultats
% des personnes avec chaque résultat
Percentile par nombre de réponses
Votre historique - résultats
Vous n’avez pas pris ce quiz